000
00197 a2200097 4500
001
861
100
_a
Hellman,C.I
245
_a
Elements of radio
260
_a
_b
Van Nostrand
_c
090
_c
452
_d
452
942
_a
NUST-CAE
_c
M
_c
30845
999
_c
235934
_d
235934